000 00686nam a2200193 a 4500
005 20240919064538.0
008 030805s1997 mx r 000 0 spa d
020 _a9706132635
035 _aUPN01000127495
049 _aLT
050 4 _aLB1647 M6.3
_bL5.3
100 1 _aLimón Aguirre Berlanga, Eduardo
245 1 0 _aAlternativas, educacion ambiental :
_beducación secundaria, tercer grado /
_cEduardo Limón Aguirre Berlanga, Gloria Olimpia Castillo Blanco.
260 _aMéxico :
_bOxford University Press-Harla,
_c1997.
300 _a164 p.
_bil. col.
650 4 _aEducación ambiental
_94338
650 4 _aECOLOGIA -
_xESTUDIO Y ENSEÑANZA (SECUNDARIA)
_916552
905 _aLibro
999 _c99674
_d99674